Statistics for Johnny's General Knowledge Quiz #8

Click here to take the quiz!

General Stats

  • This quiz has been taken 19,030 times
    (18,981 since last reset)
  • The average score is 11 of 20

Answer Stats

Question Answer % Correct
A Belieber is a fan of who?Justin Bieber
95%
"Just Do It" is a slogan of what company?Nike
95%
What is the capital of Thailand?Bangkok
85%
Fill in the blank to this Daft Punk song: Harder, Better, Faster, ________Stronger
77%
What former basketball player is nicknamed "His Airness"?Michael Jordan
76%
What did Joey Chestnut eat on July 4th to become a world champion eater?Hot Dogs
69%
In addition to France, which country takes credit for inventing french fries?Belgium
55%
What company has the ticker symbol MSFT?Microsoft
55%
Beefsteak and Roma are types of what?Tomatoes
50%
In what modern-day country was maize orginally domesticated?Mexico
49%
What expensive spice is made from the stigma of crocus flowers?Saffron
49%
What is the Spanish word for "brother"?Hermano
47%
Which Himalayan country measures Gross National Happiness?Bhutan
43%
What ancient city was ruled by King Nebuchadnezzar?Babylon
42%
Who published the Book of Mormon?Joseph Smith
36%
What is the name for a 1.5 liter bottle of wine?Magnum
31%
What city hosted the Summer Olympics in 1980?Moscow
30%
In what card game can players "shoot the moon"?Hearts
23%
Myalgia is a fancy word for which feeling?Muscle Pain
23%
What Irish sport is similar to lacrosse?Hurling
20%

Score Distribution

Percentile by Number Answered

Percent of People with Each Score

Your Score History

You have not taken this quiz since the last reset